Normal view MARC view

Entry Geographic Name

Number of records used in: 78

001 - CONTROL NUMBER

  • control field: 239

003 - CONTROL NUMBER IDENTIFIER

  • control field: dpl

005 - DATE AND TIME OF LATEST TRANSACTION

  • control field: 20081015115312.0

008 - FIXED-LENGTH DATA ELEMENTS

  • fixed length control field: 081015|| aca||aabn | a|a d

040 ## - CATALOGING SOURCE

  • Original cataloging agency: dpl

151 ## - HEADING--GEOGRAPHIC NAME

  • Geographic name: बिहार ( भारत )
  • General subdivision: राजनीति एवं सरकार
  • Chronological subdivision: 20वी. शताब्दी

© Delhi Public Library
Hit Counter
free hit counter